IFM Opac

Capital Transfer Tax Planning. (Record no. 17031)

MARC details
000 -LEADER
fixed length control field 00393nam a22001457a 4500
020 ## - INTERNATIONAL STANDARD BOOK NUMBER
International Standard Book Number 0852912153
082 ## - DEWEY DECIMAL CLASSIFICATION NUMBER
Classification number 343.41053WRI.
100 ## - MAIN ENTRY--PERSONAL NAME
Personal name Wright,K.E.
9 (RLIN) 4140
245 ## - TITLE STATEMENT
Title Capital Transfer Tax Planning.
260 ## - PUBLICATION, DISTRIBUTION, ETC.
Place of publication, distribution, etc. England.
Name of publisher, distributor, etc. The Institute of Chartered Accountants.
Date of publication, distribution, etc. 1978.
300 ## - PHYSICAL DESCRIPTION
Extent xii, 222pg.
Other physical details 21cm.
500 ## - GENERAL NOTE
General note Includes appendix.
700 ## - ADDED ENTRY--PERSONAL NAME
Personal name Mslcolm Penney.
9 (RLIN) 4141
942 ## - ADDED ENTRY ELEMENTS (KOHA)
Koha item type Books
Holdings
Withdrawn status Lost status Source of classification or shelving scheme Damaged status Not for loan Home library Current library Shelving location Date acquired Full call number Barcode Date last seen Price effective from Koha item type Collection code
    Dewey Decimal Classification     IFM Main Campus Library IFM Main Campus Library   03/22/2017 343.41053WRI. 0000008521 03/22/2017 03/22/2017 Books  
Withdrawn   Dewey Decimal Classification     IFM Main Campus Library IFM Main Campus Library   09/14/2021 343.41053WRI. 0000008522 03/22/2017 02/19/2022 Books Non-fiction